DIET ,NUTRITION AND PREVENTION OF CHROMIC DISEASE (Record no. 4213)

MARC details
000 -LEADER
fixed length control field 00398nam a2200145Ia 4500
008 - FIXED-LENGTH DATA ELEMENTS--GENERAL INFORMATION
fixed length control field 150201s2005 xx 000 0 und d
082 ## - DEWEY DECIMAL CLASSIFICATION NUMBER
Classification number 617.6
Item number D2005W
100 ## - MAIN ENTRY--PERSONAL NAME
Personal name WHO
245 ## - TITLE STATEMENT
Title DIET ,NUTRITION AND PREVENTION OF CHROMIC DISEASE
250 ## - EDITION STATEMENT
Edition statement 1ST
260 ## - PUBLICATION, DISTRIBUTION, ETC. (IMPRINT)
Name of publisher, distributor, etc. W.H.O / A.I.T.B.S PUBLICATION
Place of publication, distribution, etc. DELHI
Date of publication, distribution, etc. 2005
300 ## - PHYSICAL DESCRIPTION
Extent 1-150
650 ## - SUBJECT ADDED ENTRY--TOPICAL TERM
Topical term or geographic name as entry element PREVENTIVE AND COMMUNITY DENTISTRY
942 ## - ADDED ENTRY ELEMENTS (KOHA)
Source of classification or shelving scheme Dewey Decimal Classification
Koha item type Books
Holdings
Withdrawn status Lost status Source of classification or shelving scheme Damaged status Not for loan Home library Current library Date acquired Source of acquisition Cost, normal purchase price Serial Enumeration / chronology SGTU Bill Number Total Checkouts Full call number Barcode Date last seen Bill Date Koha item type
    Dewey Decimal Classification     SGT Dental Library SGT Dental Library 25/12/2008 COMP 125.00 1 SGTU 683   617.6 D2005W FD5699 09/02/2015 15/02/2013 Books
    Dewey Decimal Classification     SGT Dental Library SGT Dental Library 25/12/2008 COMP 125.00 1 SGTU 683   617.6 D2005W FD5700 09/02/2015 15/02/2013 Books
    Dewey Decimal Classification     SGT Dental Library SGT Dental Library 25/12/2008 COMP 125.00 1 SGTU 683   617.6 D2005W FD5701 09/02/2015 15/02/2013 Books
    Dewey Decimal Classification     SGT Dental Library SGT Dental Library 25/12/2008 COMP 125.00 1 SGTU 683   617.6 D2005W FD5702 11/07/2018 15/02/2013 Books